| 000 | 00343nam a22001337a 4500 | ||
|---|---|---|---|
| 020 | _a9781259062551 | ||
| 082 |
_a624.1821 _bGAM/CO |
||
| 100 |
_aGambhir,M.L _9501 |
||
| 245 | _aConcrete Technology:Theory and Practice | ||
| 250 | _a5 th | ||
| 260 |
_aNew Delhi _bMcGraw Hill Educatin(India)Private Limited _c2013 |
||
| 300 | _a774 | ||
| 942 | _cBK | ||
| 999 |
_c14345 _d14345 |
||